00800nam a2200217 i 450000100060000000300090000600500170001500700030003200800410003510000280007624501430010425000120024726000330025930000270029265000280031970000340034770000400038185200220042199900170044395201220046076278ES-MaACL20230906172801.0t|040930s1968 sp |||| | spa d1 aGroot, S. R. de.96014310aTermodinámica de los procesos irreversibles / cS.R. de Groot ; versión española José Aguilar Peris, Cristobal Fernández Pineda. a1ª ed. aMadrid : bAlhambra, c1968. aXII, 268 p. ; c20 cm. 4aTermodinámica.9174861 aAguilar Peris, José.9187431 aFernandez Pineda, Cristobal.949999 aES-MaACLjC-34724 c76278d76278 00104070aATENEOMbATENEOMcDEPO2d2008-01-17eSCl0oC-34724p1079828r2023-02-23 00:00:00w2023-02-23yMONOGRAFIA